Places de Strasbourg - Statistiques

Statistiques générales
  • Ce quiz a été pris 267 fois
  • Le résultat moyen est 5 sur 34
Statistiques - réponses
Hint Réponse % Correct
place Kléber
94%
place Broglie
71%
place d'Austerlitz
46%
place Gutemberg
43%
place de l'Homme de Fer
38%
place de la cathédrale
34%
place Saint-Etienne
27%
place du Corbeau
25%
place du Château
20%
place Saint Thomas
16%
place de la Bourse
15%
place du marché Gayot
13%
place de Zurich
11%
place du temple neuf
11%
place du marché aux poissons
7%
place Saint Pierre le Jeune
7%
place Saint Pierre le Vieux
7%
place Benjamin Zix
6%
place des étudiants
4%
place des Orphelins
4%
place Saint Nicolas aux ondes
4%
place du Foin
3%
place du marché aux cochons de lait
3%
place du marché neuf
3%
place du vieux marché au vin
3%
place Sainte Madeleine
3%
place des Tripiers
2%
place du frère Médard
1%
place Grimmeisen
1%
place Mathias Mérian
1%
place des Meuniers
0%
place du maréchal de Lattre de Tassigny
0%
place du pont aux chats
0%
place du Soleil
0%
Aucun quiz correspondant
Distribution des résultats
% des personnes avec chaque résultat
Percentile par nombre de réponses
Votre historique - résultats
Vous n’avez pas pris ce quiz